LEADER 00524nab a2200133 i 4500 001 000000321895 003 CaOOAMICUS 005 20180831173354.0 008 180831n it uu u0 0ita r 013 $a32183 040 $aSeMil$bita 245 10$aRicordando padre Baj, guida illuminata, paziente ed esigente. - in [rubrica] :$bEditoriale. 773 0 $tMissione vocazionale a Treviglio.$gp.1$w()267756 996 $6245$aRicordando padre Baj, guida illuminata, paziente ed esigente. - in [rubrica] :$bEditoriale.$9(OLS)http://semarc/title/395428 LEADER 00973nam a2200253 i 4500 001 000000220188 003 CaOOAMICUS 005 20191024115656.0 008 130502s1967 xxu u000 u eng u 013 $a199085 040 $aSeMil$bita 100 1 $aBarraclough, Geoffrey <1908->.$0(OLS)http://semarc/name/26116 245 13$aAn introduction to comtemporary history /$cGeoffrey Barraclough. 260 $a[New York] :$bPenguin Books,$c1967. 300 $a284 p. ;$c18 cm. 490 0 $aPelican books 650 4$aStoria contemporanea.$0(OLS)http://semarc/subject/363 830 0$aPelican books.$0(OLS)http://semarc/title/36094 850 $aSeMil 852 $aSeMil$W1$xVenegono$y1$m3U I 538/A$j170545$B170545$CSeMilBibl$Z2$F181154 $81 961 $aOmaggio: Altro 996 $6245$aAn introduction to comtemporary history$9(OLS)http://semarc/title/315853 996 $6260$a[New York] :$bPenguin Books$9(OLS)http://semarc/publisher/33420 LEADER 01517nas a2200313 i 4500 001 000000162963 003 CaOOAMICUS 005 20200427102551.0 008 100121s1908 it uu u0 0ita r 013 $a140327 040 $aSeMil$bita 100 1 $aLemius, Jean-Baptiste,$c.$0(OLS)http://semarc/name/61775 245 10$aCatechismo sul modernismo :$bsecondo l'Enciclica Pascendi Dominici gregis di Sua Santità Pio 10. /$cP. Giovanni Battista Lemius ; traduzione dal francese del P. Giuseppe Ioppolo. 260 $aRoma :$bTipografia Vaticana,$c1908. 300 $a141 p. ;$c18 cm. 650 4$aModernismo.$0(OLS)http://semarc/subject/674 650 4$aPio X - Encicliche . Pascendi Dominici gregis.$0(OLS)http://semarc/subject/708 700 1 $aIoppolo, Giuseppe.$0(OLS)http://semarc/name/61776 700 0 $aPius X,$c.$0(OLS)http://semarc/name/4807 850 $aSeMil 852 $aSeMil$W1$xVenegono$y1$m2X I 158$j114287$B114287$CSeMilBibl$Z2$F125158 $81 852 $aSeMil$W1$xVenegono$y1$m5C VI 8/16$j251424$B251207$CSeMilBibl$Z2$F251207 $8B 900 0 $aPio X$c. 900 1 $aSarto, Giuseppe Melchiorre. 996 $6245$aCatechismo sul modernismo :$bsecondo l'Enciclica Pascendi Dominici gregis di Sua Santità Pio 10.$9(OLS)http://semarc/title/232510 996 $6260$aRoma :$bTipografia Vaticana$9(OLS)http://semarc/publisher/30672